[Event "Landesklasse West 2014/2015"]
[Site "?"]
[Date "2014.09.07"]
[Round "1"]
[White "Schulz, Tilo"]
[Black "Strecker, Frank"]
[Result "1/2-1/2"]
[WhiteElo "1878"]
[BlackElo "1643"]
[PlyCount "90"]
[EventDate "2014.??.??"]
[WhiteTeam "Randspringer Bad Salzungen"]
[BlackTeam "SK Dingelstädt 1921"]

1. e4 c5 2. Nf3 d6 3. d4 cxd4 4. Nxd4 a6 5. c4 Nc6 6. Nc3 Nf6 7. Be2 g6 8. O-O
Bg7 9. Be3 O-O 10. Qd2 Ng4 11. Bxg4 Bxg4 12. Rac1 Qa5 13. f3 Bxd4 14. Bxd4 Nxd4
15. Qxd4 Be6 16. b3 Qc5 17. Qxc5 dxc5 18. Rfd1 b6 19. Rd2 Rfd8 20. Rcd1 Rxd2
21. Rxd2 f6 22. Kf2 Kf7 23. Ke3 h6 24. f4 h5 25. Rf2 Bd7 26. Nd5 b5 27. Rc2 b4
28. Nb6 Ra7 29. Rd2 Bc6 30. Rd8 Rb7 31. Nd5 e6 32. Rc8 exd5 33. Rxc6 dxc4 34.
bxc4 b3 35. axb3 Rxb3+ 36. Ke2 a5 37. Rxc5 a4 38. Ra5 a3 39. Kd2 Rb2+ 40. Kc3
Rxg2 41. Rxa3 Rxh2 42. Ra7+ Ke6 43. Ra6+ Ke7 44. Ra7+ Ke6 45. Ra6+ Ke7 1/2-1/2

[Event "Landesklasse West 2014/2015"]
[Site "?"]
[Date "2014.09.07"]
[Round "1"]
[White "Meyer, Peter"]
[Black "Feldmann, Bernd"]
[Result "0-1"]
[WhiteElo "1579"]
[BlackElo "1840"]
[PlyCount "76"]
[EventDate "2014.??.??"]
[WhiteTeam "SK Dingelstädt 1921"]
[BlackTeam "Randspringer Bad Salzungen"]

1. e4 e6 2. d4 d5 3. Nc3 Nf6 4. Bg5 Be7 5. e5 Nfd7 6. h4 a6 7. a4 c5 8. Bxe7
Qxe7 9. dxc5 Nc6 10. f4 Qxc5 11. Bd3 f6 12. Qg4 Qe7 13. Bxh7 fxe5 14. Bg6+ Kd8
15. O-O-O Qf6 16. f5 Nf8 17. Nxd5 exd5 18. Rxd5+ Kc7 19. Nf3 Nxg6 20. Qxg6 Qxg6
21. fxg6 Be6 22. Rc5 Kb6 23. Rc3 Rh6 24. Re1 Rxg6 25. Nxe5 Nxe5 26. Rxe5 Rd8
27. a5+ Ka7 28. Rc7 Rxg2 29. b3 Rc8 30. Rxc8 Bxc8 31. Rc5 Bd7 32. Kd1 g6 33.
Rg5 Rxg5 34. hxg5 Kb8 35. Kd2 Kc7 36. b4 Kd6 37. c3 Bb5 38. Ke3 Ke5 0-1

[Event "Landesklasse West 2014/2015"]
[Site "?"]
[Date "2014.09.07"]
[Round "1"]
[White "Kunze, Heinz"]
[Black "Lorenz, Sebastian"]
[Result "0-1"]
[WhiteElo "1667"]
[BlackElo "1558"]
[PlyCount "130"]
[EventDate "2014.??.??"]
[WhiteTeam "Randspringer Bad Salzungen"]
[BlackTeam "SK Dingelstädt 1921"]

1. e4 e5 2. Nf3 Nc6 3. Bb5 a6 4. Ba4 Bc5 5. O-O d6 6. h3 Nf6 7. Re1 O-O 8. c3
b5 9. Bb3 Be6 10. d4 Bxb3 11. axb3 exd4 12. cxd4 Bb4 13. Nc3 h6 14. Bf4 Ne7 15.
Qd3 c5 16. Red1 Qc8 17. Bxd6 c4 18. bxc4 bxc4 19. Qc2 Bxd6 20. e5 Ne8 21. exd6
Nxd6 22. Na4 Qf5 23. Rdc1 Rfb8 24. Qe2 Nd5 25. Qe5 Rd8 26. Qxf5 Nxf5 27. Rxc4
Rab8 28. Rac1 Nb6 29. Nxb6 Rxb6 30. R1c2 Ne7 31. Kf1 Rdb8 32. Ra4 R8b7 33. Ne5
f6 34. Nd3 Rd7 35. Nc5 Rdd6 36. Ne4 Rd7 37. Nc3 Nc6 38. Rd2 Rdb7 39. d5 Nb8 40.
Nd1 Kf7 41. Re4 Rd7 42. Ke2 Rb3 43. Ne3 Re7 44. Rc4 Ke8 45. d6 Reb7 46. Re4+
Kd8 47. Nc4 Nc6 48. Kd1 R3b5 49. Kc1 Na5 50. Nxa5 Rxa5 51. Rde2 Rc5+ 52. Kb1
Rcb5 53. Re8+ Kd7 54. Ra8 R5b6 55. Re7+ Kxd6 56. Rxb7 Rxb7 57. Rxa6+ Kc5 58.
Ra3 Re7 59. Re3 Rd7 60. Kc2 Kb4 61. Rd3 Rc7+ 62. Kd2 Re7 63. h4 Kc4 64. g3 Rb7
65. Kc2 Rxb2+ 0-1

[Event "Landesklasse West 2014/2015"]
[Site "?"]
[Date "2014.09.07"]
[Round "1"]
[White "Nolte, Rainer"]
[Black "Wiefel, Erik"]
[Result "1/2-1/2"]
[WhiteElo "1558"]
[BlackElo "1735"]
[PlyCount "41"]
[EventDate "2014.??.??"]
[WhiteTeam "SK Dingelstädt 1921"]
[BlackTeam "Randspringer Bad Salzungen"]

1. d4 d5 2. Nf3 c6 3. e3 Nf6 4. c4 Bf5 5. Nc3 dxc4 6. Bxc4 e6 7. h3 Bb4 8. Bd2
O-O 9. Nh4 Bxc3 10. Bxc3 Be4 11. Bd3 Bxd3 12. Qxd3 Nd5 13. Nf3 Nxc3 14. Qxc3
Nd7 15. O-O Nf6 16. Rfd1 Qd5 17. Ne5 Ne4 18. Qc4 f6 19. Qxd5 exd5 20. Nd7 Rf7
21. Nc5 1/2-1/2

[Event "Landesklasse West 2014/2015"]
[Site "?"]
[Date "2014.09.07"]
[Round "1"]
[White "Kuntze, Andreas"]
[Black "Geißhirt, Marco"]
[Result "1-0"]
[WhiteElo "1988"]
[BlackElo "1880"]
[PlyCount "39"]
[EventDate "2014.??.??"]
[WhiteTeam "Schachclub Rochade Leinefelde"]
[BlackTeam "SG Barchfeld/Breitungen"]

1. e4 c6 2. d4 d5 3. Nc3 dxe4 4. Nxe4 Bf5 5. Ng3 g6 6. Nxf5 gxf5 7. Nf3 Nd7 8.
g3 Bg7 9. Bg2 Ngf6 10. O-O O-O 11. Re1 e6 12. c4 Qa5 13. a3 Nb6 14. Bd2 Qa6 15.
Bf1 c5 16. dxc5 Nbd7 17. b4 Qc6 18. Nd4 Qc8 19. Bf4 e5 20. Nxf5 1-0

[Event "Landesklasse West 2014/2015"]
[Site "?"]
[Date "2014.09.07"]
[Round "1"]
[White "Rommel, Uwe"]
[Black "Kachel, Alfred"]
[Result "1-0"]
[WhiteElo "1867"]
[BlackElo "1955"]
[PlyCount "53"]
[EventDate "2014.??.??"]
[WhiteTeam "SG Barchfeld/Breitungen"]
[BlackTeam "Schachclub Rochade Leinefelde"]

1. e4 c6 2. Nc3 g6 3. Nf3 Bg7 4. d4 d6 5. Be3 Nf6 6. h3 O-O 7. Qd2 b5 8. Bd3
Nbd7 9. Bh6 b4 10. Ne2 Qb6 11. e5 Nd5 12. h4 dxe5 13. Bxg7 Kxg7 14. h5 Rh8 15.
hxg6 h6 16. gxf7 Ba6 17. dxe5 Kxf7 18. Rxh6 Rxh6 19. Qxh6 Nf8 20. Qh5+ Kg7 21.
e6 Bxd3 22. Qf7+ Kh8 23. cxd3 Qc5 24. Qh5+ Kg7 25. Qg5+ Kh8 26. Ne5 Nxe6 27.
Qh6+ 1-0

[Event "Landesklasse West 2014/2015"]
[Site "?"]
[Date "2014.09.07"]
[Round "1"]
[White "Frank, Thomas"]
[Black "Reum, Lutz"]
[Result "1/2-1/2"]
[WhiteElo "1892"]
[BlackElo "1813"]
[PlyCount "82"]
[EventDate "2014.??.??"]
[WhiteTeam "Schachclub Rochade Leinefelde"]
[BlackTeam "SG Barchfeld/Breitungen"]

1. d4 Nf6 2. c4 e6 3. Nc3 Bb4 4. a3 Bxc3+ 5. bxc3 c5 6. e3 O-O 7. Bd3 d6 8. Ne2
e5 9. f3 Nc6 10. O-O b6 11. Bb2 Bd7 12. Qc2 h6 13. Rad1 Qe8 14. Rfe1 Rc8 15.
Ng3 g6 16. f4 e4 17. Nxe4 Nxe4 18. Bxe4 f5 19. Bd5+ Kg7 20. Qd2 Ne7 21. Bf3 Bc6
22. d5 Bd7 23. h3 Qf7 24. Bc1 Rce8 25. Re2 Ng8 26. g4 Re7 27. e4 fxe4 28. Bxe4
Rfe8 29. Rde1 Nf6 30. Bf3 Rxe2 31. Rxe2 Rxe2 32. Qxe2 h5 33. Kg2 hxg4 34. hxg4
Nh7 35. Kg3 Qf6 36. Qe3 Kf7 37. Bd2 Qg7 38. Qe2 Nf6 39. Qh2 Ne8 40. Be4 Nf6 41.
Bf3 Ne8 1/2-1/2

[Event "Landesklasse West 2014/2015"]
[Site "?"]
[Date "2014.09.07"]
[Round "1"]
[White "Crivellaro, Heiko"]
[Black "Petiko, Jakob"]
[Result "1/2-1/2"]
[WhiteElo "1810"]
[BlackElo "1912"]
[PlyCount "78"]
[EventDate "2014.??.??"]
[WhiteTeam "SG Barchfeld/Breitungen"]
[BlackTeam "Schachclub Rochade Leinefelde"]

1. f4 d6 2. Nf3 Nf6 3. e3 c6 4. Be2 Nbd7 5. d3 e5 6. fxe5 dxe5 7. O-O Be7 8.
Qe1 O-O 9. Kh1 e4 10. Ng5 exd3 11. cxd3 Ne5 12. d4 Neg4 13. h3 Nh6 14. Nc3 Nd5
15. Nf3 f5 16. Bc4 Kh8 17. Nxd5 cxd5 18. Bd3 Nf7 19. Bd2 Nd6 20. Qe2 Ne4 21.
Bxe4 dxe4 22. Ne5 Bd6 23. Bc3 Qe8 24. Rf2 Be6 25. a3 Rc8 26. Rc1 Qe7 27. Kg1
Qg5 28. Qd2 Rcd8 29. Qe2 Rc8 30. Qd2 Qg3 31. Qe1 Be7 32. Rf1 Qxe1 33. Rfxe1 Bh4
34. Re2 Bg3 35. Rcc2 f4 36. exf4 Rxf4 37. Bb4 Rxc2 38. Rxc2 e3 39. Nf3 h6
1/2-1/2

[Event "Landesklasse West 2014/2015"]
[Site "?"]
[Date "2014.09.07"]
[Round "1"]
[White "Pfitzenreuter, Gerald"]
[Black "Wolf, Tristan"]
[Result "1-0"]
[WhiteElo "1879"]
[BlackElo "1602"]
[PlyCount "75"]
[EventDate "2014.??.??"]
[WhiteTeam "Schachclub Rochade Leinefelde"]
[BlackTeam "SG Barchfeld/Breitungen"]

1. d4 d5 2. Nf3 Nf6 3. c4 e6 4. Bg5 Be7 5. cxd5 exd5 6. Nc3 c6 7. Qc2 Nbd7 8.
e3 O-O 9. Bd3 h6 10. Bf4 Nh5 11. Bg3 Nxg3 12. hxg3 Nf6 13. O-O-O b5 14. Ne5 Qb6
15. Kb1 Be6 16. Bf5 Bxf5 17. Qxf5 b4 18. Ne2 b3 19. a3 Qa6 20. Qd3 Qxd3+ 21.
Rxd3 c5 22. Rxb3 Ne4 23. Rb7 Bd6 24. f3 Ng5 25. Nc3 Bxe5 26. dxe5 Rfd8 27. Rd1
d4 28. exd4 cxd4 29. Nb5 Rab8 30. Rxb8 Rxb8 31. Nxa7 Ne6 32. Nc6 Re8 33. b4 Kf8
34. Nxd4 Nxd4 35. Rxd4 Rxe5 36. Re4 Rg5 37. g4 Rd5 38. Kc2 1-0

[Event "Landesklasse West 2014/2015"]
[Site "?"]
[Date "2014.09.07"]
[Round "1"]
[White "Reum, Jonathan"]
[Black "Seeboth, Paul"]
[Result "0-1"]
[WhiteElo "1565"]
[BlackElo "1829"]
[PlyCount "52"]
[EventDate "2014.??.??"]
[WhiteTeam "SG Barchfeld/Breitungen"]
[BlackTeam "Schachclub Rochade Leinefelde"]

1. d4 Nf6 2. c4 e6 3. Nf3 d5 4. Nc3 c6 5. Bg5 Bb4 6. e3 Qa5 7. Qb3 Ne4 8. Rc1
Bxc3+ 9. bxc3 Nxg5 10. Ne5 Ne4 11. Bd3 Nf6 12. O-O O-O 13. c5 Nbd7 14. f4 Qc7
15. Qc2 b6 16. cxb6 axb6 17. Qe2 b5 18. Rf3 Ne4 19. Rh3 f5 20. Bxe4 dxe4 21. g4
Nxe5 22. dxe5 fxg4 23. Rh4 Qa7 24. Rc2 Rxf4 25. h3 Rf3 26. hxg4 Rxe3 0-1

[Event "Landesklasse West 2014/2015"]
[Site "?"]
[Date "2014.09.07"]
[Round "1"]
[White "Stöber, Guido"]
[Black "Abe, Rico"]
[Result "1/2-1/2"]
[WhiteElo "1412"]
[BlackElo "1682"]
[PlyCount "50"]
[EventDate "2014.??.??"]
[WhiteTeam "Schachclub Rochade Leinefelde"]
[BlackTeam "SG Barchfeld/Breitungen"]

1. e4 d6 2. d4 Nf6 3. Nc3 g6 4. Nf3 Bg7 5. Be2 O-O 6. O-O Nbd7 7. h3 c5 8. Be3
b6 9. Qd2 cxd4 10. Nxd4 Nc5 11. f3 Nh5 12. Bf2 Bd7 13. Bh4 Ne6 14. Nxe6 Bxe6
15. Rab1 Rc8 16. Nd5 Bxd5 17. exd5 Qd7 18. b3 Nf6 19. c4 h6 20. Bxf6 Bxf6 21.
Qxh6 Qf5 22. f4 Qc2 23. Bg4 Bg7 24. Qh4 Rc7 25. f5 Bf6 1/2-1/2

[Event "Landesklasse West 2014/2015"]
[Site "?"]
[Date "2014.09.07"]
[Round "1"]
[White "Klingler, Lutz"]
[Black "Petiko, Nikolai"]
[Result "1/2-1/2"]
[WhiteElo "1945"]
[BlackElo "1956"]
[PlyCount "23"]
[EventDate "2014.??.??"]
[WhiteTeam "SV Schmalkalden 04"]
[BlackTeam "SV Breitenworbis"]

1. f4 d5 2. Nf3 Nf6 3. e3 Bf5 4. Be2 e6 5. O-O Bd6 6. d3 Nbd7 7. Nc3 c6 8. a3
Qc7 9. b4 h6 10. Nd4 Bh7 11. g3 O-O-O 12. Bf3 1/2-1/2

[Event "Landesklasse West 2014/2015"]
[Site "?"]
[Date "2014.09.07"]
[Round "1"]
[White "Hellrung, Bernhard"]
[Black "Lesser, Thomas"]
[Result "1/2-1/2"]
[WhiteElo "1867"]
[BlackElo "1857"]
[PlyCount "22"]
[EventDate "2014.??.??"]
[WhiteTeam "SV Breitenworbis"]
[BlackTeam "SV Schmalkalden 04"]

1. e4 e5 2. Nf3 Nc6 3. d4 exd4 4. Nxd4 Bc5 5. Be3 Qf6 6. c3 Nge7 7. Bc4 d6 8.
O-O a6 9. a4 O-O 10. Na3 Ne5 11. Be2 Qg6 1/2-1/2

[Event "Landesklasse West 2014/2015"]
[Site "?"]
[Date "2014.09.07"]
[Round "1"]
[White "Bamberg, Alexander"]
[Black "Gast, Rainer"]
[Result "1/2-1/2"]
[WhiteElo "1851"]
[BlackElo "1837"]
[PlyCount "48"]
[EventDate "2014.??.??"]
[WhiteTeam "SV Schmalkalden 04"]
[BlackTeam "SV Breitenworbis"]

1. e4 c6 2. d4 d5 3. exd5 cxd5 4. Nf3 Nc6 5. c3 Bf5 6. Bd3 Bxd3 7. Qxd3 Nf6 8.
Bf4 e6 9. O-O Bd6 10. Bxd6 Qxd6 11. Nbd2 O-O 12. Rfe1 Rfc8 13. Ne5 Rab8 14. f4
b5 15. a3 Na5 16. b4 Nc4 17. Ndxc4 bxc4 18. Qf3 a5 19. f5 Ne4 20. fxe6 Qxe6 21.
Re3 Rc7 22. Qf4 Qd6 23. Rf1 axb4 24. axb4 Ra8 1/2-1/2

[Event "Landesklasse West 2014/2015"]
[Site "?"]
[Date "2014.09.07"]
[Round "1"]
[White "Burkhardt, Christian"]
[Black "Vergin, Marcel"]
[Result "1/2-1/2"]
[WhiteElo "1667"]
[BlackElo "1684"]
[PlyCount "104"]
[EventDate "2014.??.??"]
[WhiteTeam "SV Schmalkalden 04"]
[BlackTeam "SV Breitenworbis"]

1. d4 Nf6 2. c4 d6 3. Nc3 Nbd7 4. Nf3 e5 5. g3 c6 6. e4 Be7 7. Bg2 O-O 8. O-O
Re8 9. h3 Bf8 10. Be3 Nb6 11. b3 g6 12. dxe5 dxe5 13. Qxd8 Rxd8 14. Nxe5 Bg7
15. Rad1 Be6 16. c5 Ne8 17. cxb6 Bxe5 18. Na4 axb6 19. Bxb6 Bc7 20. Bxc7 Nxc7
21. Nc3 Nb5 22. Rxd8+ Rxd8 23. Nxb5 cxb5 24. f3 Rd2 25. Rf2 Rd1+ 26. Rf1 Rd2
27. Rf2 Rd1+ 28. Kh2 Kf8 29. g4 Ke8 30. f4 Bd7 31. e5 b6 32. Re2 Ke7 33. Kg3 h5
34. Kh4 hxg4 35. hxg4 Rd4 36. Kg5 Rd3 37. f5 gxf5 38. gxf5 Rg3+ 39. Kf4 Rd3 40.
Be4 Rd1 41. Ke3 Rf1 42. Rf2 Rd1 43. Rd2 Re1+ 44. Kd4 Rf1 45. f6+ Kd8 46. Ke3
Kc8 47. Bd5 Be8 48. Bf3 Rc1 49. Bg4+ Kc7 50. Bd1 Rc5 51. Kd4 Bc6 52. Bh5 Rd5+
1/2-1/2

[Event "Landesklasse West 2014/2015"]
[Site "?"]
[Date "2014.09.07"]
[Round "1"]
[White "Leibeling, Lucian"]
[Black "Weigend, Joachim"]
[Result "1-0"]
[WhiteElo "1851"]
[BlackElo "1784"]
[PlyCount "85"]
[EventDate "2014.??.??"]
[WhiteTeam "SV Breitenworbis"]
[BlackTeam "SV Schmalkalden 04"]

1. c4 Nf6 2. Nc3 g6 3. d3 Bg7 4. g3 O-O 5. Bg2 d6 6. e4 c5 7. Nge2 Nc6 8. O-O
a6 9. h3 Rb8 10. Rb1 Bd7 11. Kh2 b5 12. b3 Nd4 13. Be3 Ne6 14. Qd2 Re8 15. f4
b4 16. Nd5 Nxd5 17. cxd5 Nd4 18. f5 a5 19. Nxd4 cxd4 20. Bh6 Rc8 21. h4 Rc3 22.
h5 Bb5 23. fxg6 hxg6 24. Bxg7 Kxg7 25. h6+ Kg8 26. h7+ Kg7 27. Rf3 f6 28. g4
Rh8 29. g5 Kxh7 30. Rbf1 Kg7+ 31. Kg1 Rf8 32. Bh3 Qc7 33. Bf5 Rxd3 34. Rxd3
Bxd3 35. Qxd3 gxf5 36. Qh3 Qc3 37. Qh6+ Kg8 38. Qg6+ Kh8 39. Qxf5 Qe3+ 40. Kh1
Kg7 41. gxf6+ exf6 42. Rg1+ Kf7 43. Qd7# 1-0

[Event "Landesklasse West 2014/2015"]
[Site "?"]
[Date "2014.09.07"]
[Round "1"]
[White "Röder, Detlef"]
[Black "Biel, Peter"]
[Result "1/2-1/2"]
[WhiteElo "1610"]
[BlackElo "1703"]
[PlyCount "54"]
[EventDate "2014.??.??"]
[WhiteTeam "SV Schmalkalden 04"]
[BlackTeam "SV Breitenworbis"]

1. e4 c5 2. Nc3 Nc6 3. f4 e6 4. Nf3 Be7 5. Bc4 d6 6. O-O Nf6 7. d3 O-O 8. Kh1
a6 9. a4 b6 10. Ne2 d5 11. exd5 exd5 12. Bb3 Qc7 13. c3 Bg4 14. h3 Bxf3 15.
Rxf3 Rad8 16. d4 Ne4 17. Bc2 f5 18. Be3 Na5 19. b3 c4 20. b4 Nb7 21. Qg1 Rd6
22. Qh2 Re6 23. Rg1 Nbd6 24. g4 Rff6 25. g5 Rf8 26. Bc1 Re8 27. h4 Bf8 1/2-1/2

[Event "Landesklasse West 2014/2015"]
[Site "?"]
[Date "2014.09.07"]
[Round "1"]
[White "Gast, Benedikt"]
[Black "Himmel, Matthias"]
[Result "1/2-1/2"]
[WhiteElo "1537"]
[BlackElo "1597"]
[PlyCount "35"]
[EventDate "2014.??.??"]
[WhiteTeam "SV Breitenworbis"]
[BlackTeam "SV Schmalkalden 04"]

1. d4 Nf6 2. Nf3 g6 3. Bf4 Bg7 4. e3 O-O 5. Nbd2 d6 6. h3 c5 7. c3 b6 8. Bc4
Ba6 9. Bxa6 Nxa6 10. O-O b5 11. Qe2 Qb6 12. Rac1 Rac8 13. Rfd1 Rfe8 14. e4 cxd4
15. cxd4 Qb7 16. Bh2 Bh6 17. Rxc8 Rxc8 18. e5 1/2-1/2

[Event "Landesklasse West 2014/2015"]
[Site "?"]
[Date "2014.09.07"]
[Round "1"]
[White "Recknagel, Michael"]
[Black "Minor, Viatcheslav"]
[Result "1-0"]
[WhiteElo "2164"]
[BlackElo "2064"]
[PlyCount "51"]
[EventDate "2014.??.??"]

1. e4 e6 2. Qe2 c5 3. Nf3 Nc6 4. g3 g6 5. Bg2 Bg7 6. O-O Nge7 7. c3 O-O 8. d3
d6 9. Na3 Rb8 10. Be3 b5 11. d4 b4 12. Nc2 cxd4 13. cxd4 b3 14. axb3 Rxb3 15.
Rfb1 d5 16. Nd2 Rb7 17. b4 dxe4 18. Nxe4 Nxd4 19. Nxd4 Bxd4 20. Rd1 Rxb4 21.
Nf6+ Kh8 22. Qd2 Bxa1 23. Qxd8 Rxd8 24. Rxd8+ Kg7 25. Ne8+ Kf8 26. Bh6+ 1-0

[Event "Landesklasse West 2014/2015"]
[Site "?"]
[Date "2014.09.07"]
[Round "1"]
[White "Neef, Michael"]
[Black "Silberschlag, Jörg"]
[Result "0-1"]
[WhiteElo "1901"]
[BlackElo "2101"]
[PlyCount "144"]
[EventDate "2014.??.??"]

1. d4 d5 2. c4 Bf5 3. Nc3 e6 4. Bf4 c6 5. c5 Nd7 6. Nf3 Ngf6 7. h3 Ne4 8. Nxe4
dxe4 9. Ne5 Nxe5 10. Bxe5 Qa5+ 11. Qd2 Qxd2+ 12. Kxd2 O-O-O 13. Kc3 h5 14. e3
f6 15. Bg3 h4 16. Bh2 g5 17. Be2 Rh7 18. b4 Bg6 19. a4 Be8 20. Bc4 Bd7 21. Rhb1
Re8 22. Rd1 Rg7 23. Be2 Be7 24. Rd2 Bd8 25. Bd6 Bc7 26. Bxc7 Kxc7 27. Rg1 f5
28. f3 exf3 29. gxf3 e5 30. d5 cxd5 31. Rxd5 f4 32. exf4 exf4 33. Bd1 Re3+ 34.
Kd2 Bxh3 35. Rgxg5 Rd7 36. Rxd7+ Bxd7 37. Rh5 h3 38. Rh7 Ra3 39. Bc2 Kd8 40. b5
Ra2 41. Rh8+ Ke7 42. Kc3 a6 43. Be4 Rxa4 44. Bxb7 axb5 45. c6 Rc4+ 46. Kb3 Be6
47. Kb2 Rc5 48. Rh7+ Kd8 49. Ka3 Rc4 50. Rh6 Ke7 51. Rh7+ Kd6 52. Rh6 b4+ 53.
Kb2 Ke5 54. Rh5+ Kd4 55. Rh6 Bd5 56. Rxh3 Bxc6 57. Bc8 Ke3 58. Bg4 Ba4 59. Rh6
Rc2+ 60. Kb1 Rc4 61. Re6+ Kd2 62. Rd6+ Kc3 63. Bf5 Rd4 64. Rxd4 Kxd4 65. Kc1
Kc3 66. Kb1 Bb5 67. Kc1 Be2 68. Be4 b3 69. Kb1 Bd3+ 70. Bxd3 Kxd3 71. Kb2 Ke3
72. Kxb3 Kxf3 0-1

[Event "Landesklasse West 2014/2015"]
[Site "?"]
[Date "2014.09.07"]
[Round "1"]
[White "Berghof, Axel"]
[Black "Schwarz, Hilmar"]
[Result "0-1"]
[WhiteElo "2048"]
[BlackElo "1844"]
[PlyCount "100"]
[EventDate "2014.??.??"]

1. e4 e5 2. Bc4 Nf6 3. d4 exd4 4. Nf3 Nc6 5. e5 Ng4 6. O-O d6 7. Re1 Be7 8. e6
Bxe6 9. Bxe6 fxe6 10. Nxd4 Nxd4 11. Qxg4 Nf5 12. Rxe6 O-O 13. Nc3 Qd7 14. Re1
d5 15. Bf4 Bc5 16. Rad1 Rae8 17. Rxe8 Rxe8 18. Bxc7 Qe7 19. Rf1 Bxf2+ 20. Rxf2
Qe1+ 21. Rf1 Qxf1+ 22. Kxf1 Ne3+ 23. Ke2 Nxg4+ 24. Kd3 Ne3 25. g3 Nf1 26. h4
Re3+ 27. Kd4 Rf3 28. Ne2 Ne3 29. c3 Kf7 30. Bf4 Nd1 31. b4 Rf2 32. Kd3 g6 33.
a4 Rxe2 34. Kxe2 Nxc3+ 35. Kd3 Nxa4 36. Be3 Nb6 37. g4 Ke6 38. Bd4 Nc8 39. Ke3
a6 40. Kf3 Nd6 41. Bc5 Ne4 42. Bf8 Kf6 43. Ke3 h5 44. gxh5 gxh5 45. Kf4 Nd2 46.
Bc5 Nc4 47. Bd4+ Kg6 48. Bc5 b6 49. Bd4 a5 50. Bxb6 axb4 0-1

[Event "Landesklasse West 2014/2015"]
[Site "?"]
[Date "2014.09.07"]
[Round "1"]
[White "Königsdörfer, Gerhard"]
[Black "Feld-Gerdes, Wolfgang"]
[Result "1/2-1/2"]
[WhiteElo "1886"]
[BlackElo "2023"]
[PlyCount "70"]
[EventDate "2014.??.??"]

1. e4 c5 2. Nc3 g6 3. g3 Bg7 4. Bg2 Nc6 5. d3 Rb8 6. Be3 b5 7. Qd2 b4 8. Nd1 d6
9. h3 Qb6 10. Ne2 Nd4 11. O-O e6 12. Nc1 Ne7 13. c3 Ndc6 14. Bh6 O-O 15. Bxg7
Kxg7 16. Ne3 bxc3 17. bxc3 Qb2 18. Nc2 Qb6 19. Ne3 Ba6 20. Rd1 f5 21. Ne2 e5
22. exf5 gxf5 23. Nd5 Nxd5 24. Bxd5 Ne7 25. Qg5+ Ng6 26. Rac1 Bb7 27. Bxb7 Rxb7
28. d4 h6 29. Qd2 cxd4 30. cxd4 f4 31. gxf4 Nxf4 32. Nxf4 Rxf4 33. dxe5 dxe5
34. Rc3 Rbf7 35. Rg3+ Kh8 1/2-1/2

[Event "Landesklasse West 2014/2015"]
[Site "?"]
[Date "2014.09.07"]
[Round "1"]
[White "Koch, Stefan"]
[Black "Hilbert, Stephan-Jörg"]
[Result "1/2-1/2"]
[WhiteElo "1857"]
[BlackElo "1632"]
[PlyCount "84"]
[EventDate "2014.??.??"]

1. e4 d5 2. exd5 Qxd5 3. Nc3 Qa5 4. Nf3 Nf6 5. h3 Bf5 6. Bc4 e6 7. O-O c6 8. d4
Bb4 9. Bd2 Nbd7 10. a3 Bxc3 11. Bxc3 Qc7 12. Bd3 Bg6 13. Re1 O-O-O 14. b4 Nb6
15. b5 Nbd5 16. Bd2 c5 17. dxc5 Qxc5 18. Ne5 Ne4 19. Bxe4 Bxe4 20. Rxe4 Nc3 21.
Rc4 Qxc4 22. Nxc4 Nxd1 23. Rxd1 Rd4 24. Na5 Rhd8 25. Nb3 Rc4 26. Rc1 Rd5 27. b6
axb6 28. Kf1 Rb5 29. Bb4 Rd5 30. c3 f5 31. Re1 e5 32. Na1 f4 33. f3 Kd7 34. Nb3
g5 35. Re2 Ke6 36. Rd2 h5 37. Rxd5 Kxd5 38. Nd2 Rc6 39. Ke2 g4 40. hxg4 hxg4
41. Kd3 g3 42. c4+ Ke6 1/2-1/2

[Event "Landesklasse West 2014/2015"]
[Site "?"]
[Date "2014.09.07"]
[Round "1"]
[White "Graupner, Markus"]
[Black "Will, Ralph"]
[Result "1/2-1/2"]
[WhiteElo "1692"]
[BlackElo "1768"]
[PlyCount "21"]
[EventDate "2014.??.??"]

1. Nf3 Nf6 2. c4 c5 3. b3 g6 4. Bb2 Bg7 5. g3 O-O 6. Bg2 Nc6 7. O-O Rb8 8. d4
cxd4 9. Nxd4 Nxd4 10. Bxd4 Qa5 11. Qd2 1/2-1/2

[Event "Landesklasse West 2014/2015"]
[Site "?"]
[Date "2014.09.07"]
[Round "1"]
[White "Müller, Bernd"]
[Black "Ulbricht, Olaf"]
[Result "1-0"]
[WhiteElo "1684"]
[BlackElo "1608"]
[PlyCount "53"]
[EventDate "2014.??.??"]

1. e4 e5 2. d4 exd4 3. c3 h6 4. cxd4 d5 5. e5 c5 6. Nf3 Nc6 7. Bb5 Qa5+ 8. Nc3
c4 9. O-O Be6 10. a3 Rc8 11. Be3 Nge7 12. Nh4 a6 13. Bxc6+ Rxc6 14. f4 Nf5 15.
Nxf5 Bxf5 16. Qf3 Qd8 17. Nxd5 Bd3 18. Rf2 Qd7 19. Nc3 b5 20. d5 Rc8 21. d6 Qc6
22. Nd5 Bf5 23. Bb6 Kd7 24. Ba5 Rb8 25. Rd1 Be6 26. Rfd2 Bxd5 27. Rxd5 {ZÜ} 1-0

[Event "Landesklasse West 2014/2015"]
[Site "?"]
[Date "2014.09.07"]
[Round "1"]
[White "Tischner, Manfred"]
[Black "Fuhrmann, Christian"]
[Result "1/2-1/2"]
[WhiteElo "1716"]
[BlackElo "1764"]
[PlyCount "120"]
[EventDate "2014.??.??"]

1. e4 c5 2. Nf3 Nc6 3. d4 cxd4 4. Nxd4 e6 5. Be3 a6 6. Be2 Nf6 7. Nd2 Be7 8.
O-O O-O 9. c3 Qc7 10. f4 d6 11. Kh1 e5 12. Nxc6 bxc6 13. fxe5 dxe5 14. Nc4 c5
15. Qc2 Bb7 16. Bf3 Rfd8 17. Rad1 Bc6 18. Bg1 Bb5 19. b3 Bxc4 20. bxc4 Ne8 21.
Qf2 Rxd1 22. Bxd1 f6 23. Bg4 Qc6 24. Qf3 Rd8 25. Qh3 Nc7 26. Re1 Rd6 27. Qe3
Rd8 28. Rb1 Ne6 29. g3 Ng5 30. h4 Qxe4+ 31. Qxe4 Nxe4 32. Be6+ Kf8 33. Kg2 Nxc3
34. Rb6 Nxa2 35. Rxa6 Nb4 36. Ra7 Nc6 37. Rc7 Nd4 38. Bd5 Ke8 39. Bxd4 exd4 40.
Kf3 Rb8 41. Ke4 g6 42. Be6 Rd8 43. Kd3 h6 44. g4 Rb8 45. Rc8+ Rxc8 46. Bxc8 Kf7
47. Ke4 h5 48. gxh5 gxh5 49. Bf5 Bd6 50. Kd5 Bf8 51. Ke4 Bd6 52. Kd5 Ke7 53.
Bg6 Be5 54. Bxh5 d3 55. Bg4 Bd4 56. Ke4 Kd6 57. h5 d2 58. Kd3 Ke5 59. Kxd2 f5
60. Bh3 Kf4 1/2-1/2

[Event "Landesklasse West 2014/2015"]
[Site "?"]
[Date "2014.09.07"]
[Round "1"]
[White "Scheftlein, Richard"]
[Black "Latussek, Paul"]
[Result "1-0"]
[WhiteElo "1945"]
[BlackElo "1446"]
[PlyCount "120"]
[EventDate "2014.??.??"]

1. e4 c5 2. Nf3 e6 3. d3 Nc6 4. g3 Nf6 5. Bg2 Be7 6. O-O O-O 7. Nbd2 d5 8. e5
Ng4 9. Re1 f6 10. exf6 Bxf6 11. Nb3 b6 12. h3 Nge5 13. Nxe5 Bxe5 14. c3 Qf6 15.
f4 Bc7 16. c4 Ne7 17. cxd5 exd5 18. Rxe7 Qxe7 19. Bxd5+ Be6 20. Bxa8 Rxa8 21.
Qf1 Rf8 22. Bd2 Qd7 23. Kh2 g5 24. Re1 Bd5 25. Nc1 gxf4 26. gxf4 Rf7 27. Qf2
Qf5 28. Re8+ Kg7 29. Qg3+ Kh6 30. Ne2 Rg7 31. Qh4+ Qh5 32. Qxh5+ Kxh5 33. Ng3+
Kg6 34. Rf8 Rf7 35. Rxf7 Kxf7 36. a3 Kg6 37. Nf1 Bb7 38. Kg3 Bc6 39. Ne3 Bb5
40. Nc4 Bxc4 41. dxc4 Kf5 42. Kf3 a6 43. b4 Bd6 44. Be3 cxb4 45. axb4 a5 46. c5
bxc5 47. bxa5 Bc7 48. a6 Bb6 49. Bf2 Ba7 50. Ke3 h6 51. Bg3 Bb6 52. Kd3 h5 53.
Kc4 Ke6 54. Kb5 Ba7 55. Bf2 Kf5 56. Bxc5 Bb8 57. Bd6 Bxd6 58. a7 Bxf4 59. a8=Q
h4 60. Qf3 Ke5 1-0